Star Wars Episode I The Phantom Menace (Record no. 351590)

000 -LEADER
fixed length control field 00493nam a22001817a 4500
003 - CONTROL NUMBER IDENTIFIER
control field OSt
005 - DATE AND TIME OF LATEST TRANSACTION
control field 20180116183050.0
008 - FIXED-LENGTH DATA ELEMENTS--GENERAL INFORMATION
fixed length control field 160810b xxu||||| |||| 00| 0 eng d
020 ## - INTERNATIONAL STANDARD BOOK NUMBER
International Standard Book Number 9780345427656
040 ## - CATALOGING SOURCE
Transcribing agency 0
082 ## - DEWEY DECIMAL CLASSIFICATION NUMBER
Classification number 791.43 BRO 1999
100 ## - MAIN ENTRY--PERSONAL NAME
Personal name Terry Brooks
245 ## - TITLE STATEMENT
Title Star Wars Episode I The Phantom Menace
Statement of responsibility, etc. Terry Brooks
260 ## - PUBLICATION, DISTRIBUTION, ETC.
Place of publication, distribution, etc. New York
Name of publisher, distributor, etc. Ballantine Publishing
Date of publication, distribution, etc. 1999
300 ## - PHYSICAL DESCRIPTION
Extent 324 p.
Other physical details HB
440 ## - SERIES STATEMENT/ADDED ENTRY--TITLE
Title Star Wars Episode I The Phantom Menace
942 ## - ADDED ENTRY ELEMENTS (KOHA)
Source of classification or shelving scheme
Koha item type Book
Holdings
Withdrawn status Lost status Source of classification or shelving scheme Damaged status Not for loan Collection code Permanent Location Current Location Shelving location Date acquired Total Checkouts Total Renewals Full call number Barcode Date last seen Date last checked out Price effective from Koha item type
            Central Library (CL) Central Library (CL) General Stacks 08/10/2016 1 3 791.43 BRO 1999 NBSD-2647 05/31/2024 08/22/2016 08/10/2016 Book
© 2023 Central Library, National University of Sciences and Technology. All Rights Reserved.